| 000 | 00924nam a2200253Ia 4500 | ||
|---|---|---|---|
| 003 | OSt | ||
| 005 | 20220923211249.0 | ||
| 006 | a|||||r|||| 00| 0 | ||
| 007 | ta | ||
| 008 | 220922b |||||||| |||| 00| 0 pan d | ||
| 020 |
_a9788178562940 (hbk) _c600 |
||
| 024 | _a260,157 | ||
| 037 |
_b547, 02/12/2011, H.K. Prakashan _cTextual |
||
| 040 |
_aARTS _cARTS _bpan |
||
| 041 |
_2pan _apan |
||
| 082 | _aO153v, Q1 | ||
| 100 |
_aਬ੍ਰਹਮਜਗਦੀF ਸਿੰਘ; ਰਾਮਬੀਰ ਕੌਰ _9160093 |
||
| 245 | 0 | _aਪੰਜਾਬੀ ਸਾਹਿਤ ਦਾ ਇਤਿਹਾਸ | |
| 260 |
_aਅੰਮ੍ਰਿਤਸਰ _b ਵਾਰਿਸ Fਾਹ _c2011 |
||
| 300 |
_a704ਪੰ _ccm. |
||
| 650 | _aਪੰਜਾਬੀ ਸਾਹਿਤ | ||
| 942 |
_hO153v, Q1 _cTEXL _2CC |
||
| 999 |
_c297904 _d297904 |
||